000 00727naa a2200217 i 4500
001 10525
003 ES-MaBCM
005 20241016091452.0
008 870621s1983 esp 000 0 spa d
021 _axx
035 _a(OCoLC)1365183853
040 _cES-MaBCM
041 0 _aspa
043 _aesp
100 1 _aMuñoz Machado, Santiago
_932951
245 1 4 _aLos principios constitucionales de unidad y autonomía y el problema de la nueva planta de las administraciones públicas
_cSantiago Muñoz Machado
650 7 _aEstado autonómico
_958619
651 2 4 _aEspaña
_9115342
773 0 _aEn:
_tRevista de administración pública
_dMadrid : 1983
_gnº 100-102, enero-diciembre ; p. 1839-1873
_w104514
942 _cAREV
999 _c10525
_d10525